Statistiques concernant Culture Générale - Série 1014

Cliquez ici pour prendre le quiz!

Statistiques générales

  • Ce quiz a été pris 67 fois
  • Le résultat moyen est 8 sur 10

Statistiques - réponses

Question Réponse % Correct
Qu'est-ce qui peut être à noeuds, à sauter ou à linge ?corde
98%
On peut dire d'un dessert parfumé avec toutes sortes de fruits qu'il est tutti...frutti
97%
Quelle est la langue officielle du Brésil ?portugais
92%
À quel petit animal fouisseur compare-t-on familièrement un espion infiltré ?taupe
88%
Dans quelle ville des États-Unis, peut-on emprunter le pont du Golden Gate ?San Francisco
85%
D'après la comptine, que devient une souris verte trempée dans l'huile et dans l'eau ?escargot
82%
Quel département forme la pointe occidentale de la France métropolitaine ?Finistère
75%
Quel était le nom habituellement donné, au groupe de danseuses de Claude François ?Clodettes
73%
En Russie, pour la préparation de quelle boisson utilise-t-on traditionnellement un samovar ?thé
65%
Comment appelle-t-on les habitants de Créteil ?Cristoliens
17%

Distribution des résultats

Percentile par nombre de réponses

% des personnes avec chaque résultat

Votre développement - résultats

Vous n’avez pas pris ce quiz